Filosofía /

Guardado en:
Autor Principal: Schujman, Gustavo
Formato: Libro
Publicado: Buenos Aires : Aique, 2004
Materias:
Etiquetas: Agregar Etiqueta
Sin Etiquetas, Sea el primero en etiquetar este registro!
LEADER 00697nam a22001935a 4500
001 CEM.cems017660
005 20110808101729.0
008 130507s2004##################000#0#####d
003 CEMS
020 |a 9507019561 
082 0 4 |a 100 
100 1 |a Schujman, Gustavo 
245 1 0 |a Filosofía /  |c Gustavo Schujman 
260 |a Buenos Aires :  |b  Aique,  |c 2004 
300 |a 168 p. 
505 0 |a Filosofía -- Lógica -- El problema del conocimiento -- El problema epistemológico -- El problema antropológico -- El problema ético -- Debates filosóficos sobre temáticas contemporáneas 
653 |a Filosofía 
653 |a Filosofía-polimodal 
859 |a CEMS  |b BIB. CEMS - Agricultura  |h 100  |i Sch79  |p A0602.05  |t Ej.1